The least developed countries : statistical pro file - 1990..
| Format: | Book |
|---|---|
| Published: |
New York:
United Nations,
1991.
|
| Subjects: |
| LEADER | 00421cam a2200145 7i4500 | ||
|---|---|---|---|
| 001 | 0000003720 | ||
| 005 | 19991025090000.0 | ||
| 002 | ##000005110 | ||
| 020 | 0 | 0 | |a T000004545 |
| 090 | 0 | 0 | |a STAT 310.9 |b LEA |
| 245 | 0 | 0 | |a The least developed countries : |b statistical pro file - 1990.. |
| 260 | 0 | 0 | |a New York: |b United Nations, |c 1991. |
| 300 | 0 | 0 | |a 48 p.. |
| 650 | 0 | 0 | |a Statistics |
| 999 | |a 0000005804 |b Book |c Open shelf |e Business Information Centre | ||